Bioética

שמור ב:
מידע ביבליוגרפי
מחבר ראשי: Boladeras Cucurella, Margarita (Author)
פורמט: ספר
שפה:ספרדית
יצא לאור: Madrid Síntesis 1999
מהדורה:1a. ed
סדרה:Thémata. Filosofía, 1
נושאים:
תגים: הוספת תג
אין תגיות, היה/י הראשונ/ה לתייג את הרשומה!

MARC

LEADER 00000nam a2200000 a 4500
001 UCK0085
003 CL-VaPUC
008 040915e19990000SP |||||||||||||||||spa|d
020 |a 8477385645 
082 0 4 |a 174.957  |b BOL  |2 21 
100 0 |a Boladeras Cucurella, Margarita  |e author  |9 487993 
245 1 0 |a Bioética 
250 |a 1a. ed 
300 |a 287 p 
942 |c BK 
945 |d 20040915 00:00:00  |a vberengu 
260 |a Madrid  |b Síntesis  |c 1999 
500 |a http://www.sintesis.com 
500 |a La aplicación de la ciencia y la técnica a algunos ámbitos especialmente significativos de la realidad humana como la reproducción asistida, el control de la natalidad, el tratamiento de ciertas situaciones límite (enfermos terminales, curas paliativas, estados de coma prolongados, investigación médica en humanos), trasplantes de órganos, ingeniería genética, etc., tiene consecuencias de carácter individual, social, político, legal y moral, que requieren análisis y reflexión. Este libro ofrece información y evalaución de casos desde diversas prespectivas, para ayudar a la mejor comprensión de la complejidad de los fenómenos aludidos, así como al desarrollo de actitudes y posiciones personales responsables 
650 0 |a Bioética  |9 256117 
650 0 |a Ética  |9 255099 
650 0 |a Etica profesional   |9 255694 
650 0 |a Derechos humanos  |9 223025 
583 |a last modification  |c 20040915 00:00:00  |k Rodrigo Vera 
490 0 |a Thémata. Filosofía, 1 
999 |c 310622  |d 310620 
952 |0 0  |1 0  |4 0  |6 174_957000000000000_BOL_1999  |7 0  |8 A  |9 379457  |a BIBEDU  |b BIBEDU  |d 2019-11-21  |i 4059905  |l 1  |o 174.957 BOL 1999  |p 4059905  |r 2023-08-24  |s 2023-08-11  |w 2019-11-21  |y BK  |k FIL